[Event "Trapani Province-ch"]
[Site "Erice"]
[Date "2010.01.17"]
[Round "3"]
[White "Bucca, Angelo"]
[Black "Gigante, Giovanni"]
[Result "0-1"]
[WhiteElo "1401"]
[BlackElo "1895"]
[PlyCount "108"]
[EventDate "2010.01.10"]
[EventType "swiss"]
[EventRounds "6"]
[EventCountry "ITA"]
[SourceTitle "EXT 2024"]
[Source "ChessBase"]
[SourceDate "2023.10.10"]
[SourceVersion "1"]
[SourceVersionDate "2023.10.10"]
[SourceQuality "1"]

1. e4 d5 2. exd5 Qxd5 3. Qf3 Qd6 4. Bc4 Nf6 5. Qb3 e6 6. Nf3 b6 7. d3 Bb7 8. d4 Be7 9. 0-0 0-0 10. Bg5 Nc6 11. Bxf6 Bxf6 12. Qd3 Nb4 13. Qc3 Bxf3 14. gxf3 Bxd4 15. Qb3 Nc6 16. Qd3 Ne5 17. Qb3 Nxc4 18. Qxc4 Bxb2 19. Nc3 Qe5 20. Rae1 Qxc3 21. Qxc3 Bxc3 22. Re3 Bd2 23. Rd3 Bf4 24. Rd4 Be5 25. Re4 Bf6 26. Rc4 c5 27. Re4 Rfd8 28. Ree1 Rd2 29. Rd1 Rad8 30. Rxd2 Rxd2 31. Re1 Rxc2 32. Rd1 Bd4 33. Rf1 Rxa2 34. Kg2 g5 35. Kg1 h5 36. Kg2 f5 37. Kg3 f4+ 38. Kg2 Kf7 39. Kg1 Kf6 40. h3 Kf5 41. Kg2 g4 42. hxg4+ hxg4 43. fxg4+ Kxg4 44. Kg1 Kf3 45. Kh1 Rxf2 46. Rxf2+ Kxf2 47. Kh2 f3 48. Kh3 Be5 49. Kg4 Ke3 50. Kg5 f2 51. Kg6 f1Q 52. Kh5 Qg2 53. Kh4 Bf6+ 54. Kh5 Qg5# 0-1